000 01898nam a2200229 u 4500
001 000006126
005 20200929151936.0
008 090826s1997 dr 000 0 spa d
040 _aDO-SdBNP
_bspa
_cBNPHU
082 _a330.97293
_bA148s
100 1 _aAbinader, José Rafael
_911652
245 1 3 _aLa sociedad bajo escrutinio /
_cJosé Rafael Abinader.
260 _aSanto Domingo :
_bPanamericana,
_c1997.
300 _a120 p. : ;
_c22 cm.
500 _aIncluye datos biográficos del autor en la contracubierta.
505 2 _gA manera de prólogo/
_rJosé Ramón Hernández --
_tAlternativas de la América Latina en relación con los cambios que experimenta el mundo --
_tDoce temas cardinales sobre la vida socio-política dominicana --
_tOrígenes de la crisis económica y fórmulas para superarla --
_tLa oferta y la demanda. Los dos significados de la palabra especulación --
_tLa sociedad, entre la ignominía y el rendimiento de la alta tecnología --
_tLos cambios necesarios para expandir y eficientizar la producción --
_tEl futuro del turismo y su influencia en la economía --
_tFórmulas para estimular y proteger las inversiones en el país de los dominicanos que residen en el exterior --
_tLas debilidades de la democracia cuando predominan el caudillismo y el autoritarismo --
_tLa comparación y la conciliación de las diversas religiones para asegurar la paz y la seguridad mundiales --
_tEsfuerzo por mejorar el sistema educativo dominicano --
_tLos egresados universitarios como paradigmas de buenos dominicanos.
590 _aInventariado, 2018/ YL
651 4 _aRepública Dominicana
_xCondiciones Económicas
_xEnsayos, Conferencias, Etc.
_92598
651 4 _aRepública Dominicana
_xCondiciones Sociales
_xEnsayos, Conferencias, Etc.
_91166
651 4 _aRepública Dominicana
_xPolítica Y Gobierno
_xEnsayos, Conferencias, Etc.
_91167
910 _aValidado. Control de calidad EMS
999 _c5922
_d5922